Disruptive situations : fractal Orientalism and queer strategies in Beirut
Gardado en:
| Autor Principal: | |
|---|---|
| Formato: | Libro |
| Idioma: | inglés |
| Publicado: |
Temple University Press
2020
|
| Tags: |
Engadir etiqueta
Sen Etiquetas, Sexa o primeiro en etiquetar este rexistro!
|
MARC
| LEADER | 00000nam a22000007a 4500 | ||
|---|---|---|---|
| 008 | 230926b |||||||| |||| 00| 0 eng d | ||
| 020 | |a 9781439918517 | ||
| 100 | |a MOUSSAWI, Ghassan | ||
| 245 | |a Disruptive situations |b : fractal Orientalism and queer strategies in Beirut |c / Ghassan Moussawi |e Sexuality studies |g xiv, 192p | ||
| 260 | |b Temple University Press |c 2020 |h Philadelphia |i 700472 |i 700473 |l HQ76.2.M86 |m Sexual minorities-Lebanon - Beirut- 21st century |m Gender- nonconformity people -Lebanon - Beirut- 21st century |m Gays-Travel - Lebanon - Beirut- 21st century |m Beirut (Lebanon) Social conditions- 21st century | ||
| 500 | |a Includes bibliographical references and index. | ||
| 942 | |a lcc |c BK |e Johnson |f 26/09/23 | ||
| 952 | |0 0 |1 0 |2 lcc |4 0 |6 HQ00762 M86 |7 0 |9 4486 |a SSL |b HOL |c GJ |d 2023-09-26 |l 0 |o HQ76.2.M86 |p 2023-0407 |r 2023-09-26 00:00:00 |t 700472 |w 2023-09-26 |y BK | ||
| 952 | |0 0 |1 0 |2 lcc |4 0 |6 HQ00762 M86 |7 0 |9 4487 |a HOL |b HOL |c GJ |d 2023-09-26 |l 0 |o HQ76.2.M86 |p 2023-0408 |r 2023-09-26 00:00:00 |t 700473 |w 2023-09-26 |y BK | ||
| 999 | |c 2248 |d 2248 | ||